NBA Insane Trivia - Statistics

General Stats
  • This quiz has been taken 47 times
  • The average score is 5 of 15
Answer Stats
Question Answer % Correct
How many times did John Stockton score at least 35 points? 0
75%
How many combined points is the least scored game of all time? 37
75%
How many hall of famers did the 1962-63 Celtics have on their team? 9
50%
Who played the most games in 1 NBA season Walt Bellamy
50%
Who was the first player to average 30 ppg? Wilt Chamberlain
50%
What is Muggsy Bogues career high rebounds? 10
25%
How many games straight has Lebron scored at least 10 points? 1,140
25%
What is the worst record to ever make the playoffs? 16-54
25%
What is the most points scored in a regulation game? (no overtime) 173
25%
How many Jordan Silhouettes are there? 37
25%
Who holds the record for most steals in a single quarter? Fat Lever
25%
How many teams did the NBA originally have? 11
0%
Who holds the record for most assists in a single half? Bob Cousy
0%
Who was the first foreign player to be drafted #1 overall? Mychal Thompson
0%
Who was the first NBA player with a signature shoe? Walt Frazier
0%
No matching quizzes found
Score Distribution
Percent of People with Each Score
Percentile by Number Answered
Your Score History
You have not taken this quiz